000
00219nam a22000857a 4500
999
_c
11829
_d
11829
008
200227b ||||| |||| 00| 0 eng d
020
_a
9780399209376
100
_a
Depaola Tomie
_9
7441
245
_a
The Legend of the Bluebonnet